Instrumentation: Devices and system / (Record no. 203)

000 -LEADER
fixed length control field 00610nam a2200193Ia 4500
008 - FIXED-LENGTH DATA ELEMENTS--GENERAL INFORMATION
fixed length control field 190805s9999||||xx |||||||||||||| ||und||
020 ## - INTERNATIONAL STANDARD BOOK NUMBER
International Standard Book Number 9780074633502
Terms of availability Rs. 685.00
082 04 - DEWEY DECIMAL CLASSIFICATION NUMBER
Classification number 530.7
Item number R162
100 1# - MAIN ENTRY--PERSONAL NAME
Personal name Rangan, C. S.
245 10 - TITLE STATEMENT
Title Instrumentation: Devices and system /
250 ## - EDITION STATEMENT
Edition statement 2nd ed.
260 ## - PUBLICATION, DISTRIBUTION, ETC. (IMPRINT)
Place of publication, distribution, etc New Delhi :
Name of publisher, distributor, etc McGraw Hill Education India,
Date of publication, distribution, etc 1997, reprinted 2016
300 ## - PHYSICAL DESCRIPTION
Extent xiv, 549 p.
Other physical details : ill.
Dimensions ; 24 cm.
650 #0 - SUBJECT ADDED ENTRY--TOPICAL TERM
Topical term or geographic name as entry element Measuring instruments
700 1# - ADDED ENTRY--PERSONAL NAME
Personal name Mani, V. S. V.
700 1# - ADDED ENTRY--PERSONAL NAME
Personal name Sarma, G. R.
852 ## - LOCATION/CALL NUMBER
Location
942 ## - ADDED ENTRY ELEMENTS (KOHA)
Item type Books
Holdings
Withdrawn status Lost status Damaged status Not for loan Collection code Permanent location Current location Shelving location Date acquired Source of acquisition Cost, normal purchase price Total Checkouts Full call number Barcode Date last seen Date last borrowed Koha item type Public note
        Physics IMU Kochi Library IMU Kochi Library General Stacks 2017-06-30 Educational Supplies 685.00 5 530.7 R162 BK003788 2023-03-21 2023-03-21 Books Gen. Shelf-9, Row-5
        Physics IMU Kochi Library IMU Kochi Library General Stacks 2017-07-06 Educational Supplies 685.00   530.7 R162 BK004135 2019-08-05   Books Gen. Shelf-9, Row-5
        Physics IMU Kochi Library IMU Kochi Library General Stacks 2017-07-06 Educational Supplies 685.00   530.7 R162 BK004136 2019-08-05   Books Gen. Shelf-9, Row-5
        Physics IMU Kochi Library IMU Kochi Library General Stacks 2017-08-03 Excel Books Pvt. Ltd. 675.00   530.7 R162 BK004506 2019-08-05   Books Gen. Shelf-9, Row-5
        Physics IMU Kochi Library IMU Kochi Library General Stacks 2017-06-30 Educational Supplies 685.00   530.7 R162 BK003787 2019-08-05   Books Gen. Shelf-9, Row-5


Copyright © All Rights Reserved by Indian Maritime University, Kochi Campus.
For any Suggestions/Query Contact to library or Email: library.kochi@imu.ac.in Ph:(0484)-2989402
(Web OPAC Designed by Rudra Ranjan. Maintained by IMU Kochi Library)

Powered by Koha